000 00645nam a2200241Ia 4500
008 160319s9999 xx 000 0 und d
020 _a1575728109
050 _a1.9
050 _bW189m 2001
100 _aWallace, Holly.
245 4 _aThe mystery of the abominable snowman /
245 _cHolly Wallace.
260 _aDes Plaines, Ill. :
260 _bHeinemann Library,
260 _c2001
300 _a32 pages :
300 _bcolor illustrations ;
300 _c27 cm.
440 _aCan science solve?.
500 _aIncludes bibiliographical references and index.
650 _aYeti--
650 _xJuvenile literature.
999 _c291961
_d291961